Statistics for Countries with the best healthcare systems: UPDATED

Click here to take the quiz!

General Stats

  • This quiz has been taken 128 times
    (82 since last reset)
  • The average score is 36 of 50

Answer Stats

RankCountry% Correct
35United States
97%
5Norway
93%
17Canada
91%
7Finland
91%
15France
91%
20Germany
91%
4Sweden
91%
6Australia
90%
24Denmark
90%
11Japan
90%
14Austria
86%
2Iceland
86%
12Italy
86%
9Netherlands
86%
3Switzerland
86%
16Belgium
84%
22New Zealand
84%
39Poland
84%
30United Kingdom
84%
10Luxembourg
83%
31Portugal
83%
23South Korea
83%
8Spain
83%
19Greece
81%
13Ireland
78%
38Hungary
76%
50Romania
74%
21Singapore
72%
29Czech Republic
71%
25Israel
71%
43Slovakia
69%
34Estonia
67%
18Slovenia
67%
33Croatia
66%
44Latvia
64%
46Lithuania
64%
1Andorra
62%
27Qatar
62%
49Serbia
62%
40Saudi Arabia
60%
45Taiwan
60%
26Cyprus
52%
32Kuwait
52%
28Malta
52%
42Bahrain
50%
36Montenegro
47%
48Chile
45%
47Macedonia
43%
37Lebanon
31%
41Bermuda
2%

Score Distribution

Percentile by Number Answered

Percent of People with Each Score

Your Score History

You have not taken this quiz since the last reset